Entre neste livro (Record no. 13683)

MARC details
000 -LÍDER
campo de controle de tamanho fixo 00846 a2200241 4500
001 - NÚMERO DE CONTROLE
campo de controle 13683
020 ## - ISBN - INTERNATIONAL STANDARD BOOK NUMBER
ISBN - International Standard Book Number 9788508143566
020 ## - ISBN - INTERNATIONAL STANDARD BOOK NUMBER
Informação qualificadora broch.
041 ## - CÓDIGO DE IDIOMA
Código do idioma do texto/trilha sonora ou título diferente por
082 ## - CDD - CLASSIFICAÇÃO DECIMAL DE DEWEY
Número de Classificação 028
040 ## - FONTE DA CATALOGAÇÃO
Instituição da catalogação original BR-BrIDEA
Instituição que transcreveu o registro BR-BrIDEA
090 ## - NÚMERO DE CHAMADA LOCAL
Número de chamada (OCLC) (R); Número de chamada, CALL (RLIN) (NR) P Year 3 028
Número Cutter local (OCLC); Número de classificação do livro, CALL (RLIN) IAC
100 ## - ENTRADA PRINCIPAL--NOME PESSOAL
Nome pessoal Iacocca, Liliana
Datas associadas ao nome 1947-2004
250 ## - EDIÇÃO
Edição 15.ed.
245 10 - TÍTULO
Título Entre neste livro
Restante do título a Constituição para crianças
Indicação de responsabilidade, etc. texto Liliana Iacocca ; ilustrações Michelle Iacocca
260 ## - PUBLICAÇÃO, DISTRIBUIÇÃO, ETC.
Local de publicação, distribuição, etc. São Paulo
Nome do editor, distribuidor, etc. Ática
Data da publicação, distribuição, etc. 2011
300 ## - DESCRIÇÃO FÍSICA
Extensão 47 p.
Outros detalhes físicos col. ill.
520 ## - NOTA DE RESUMO, ETC
Resumo, etc. A obra explica por que um país precisa de um código de leis e como funciona o Estado. Além disso, aborda temas como direito das crianças e dos adolescentes e proteção do meio ambiente.
697 ## - ENTRADA DE ASSUNTO LOCAL--ENTIDADE COLETIVA (RLIN)
Nome corporativo ou nome da jurisdição Constiutição
700 ## - ENTRADA ADICIONADA - NOME PESSOAL
Nome pessoal Iacocca, Michele
Datas associadas ao nome 1942
Função do autor por extenso ilustradora
856 ## - LOCALIZAÇÃO ELETRÔNICA E ACESSO
Uniform Resource Identifier <a href="00002f/00002f0a.jpg">00002f/00002f0a.jpg</a>
942 ## - ELEMENTOS DE ENTRADA ADICIONADOS (KOHA)
Tipo de material Koha Livros
Holdings
Situação do descarte Situação das perdas Situação física Não pode ser emprestado Biblioteca de origem Biblioteca atual Data de aquisição Total de empréstimos Número de chamada completo Código de barras Data de último acesso Data do preço efetivo Tipo de material Koha Fonte da classificação ou esquema de arquivamento na estante Número do exemplar
        Colégio Anchieta - Aquarius Colégio Anchieta - Aquarius 21/11/2023   028.5 IAC ENT 5203/AQU 21/11/2023 21/11/2023 Livros    
        Colégio São Paulo Colégio São Paulo 22/11/2023   LI 028.5 I11e 7283/CSP 22/11/2023 22/11/2023 Livros    
        ECB - SUDOESTE ECB - SUDOESTE 23/03/2022   P Year 3 028 IAC 00057535SSW 23/01/2024 23/01/2024 Livros Classificação Decimal de Dewey  
        Portinari - Salvador Portinari - Salvador 08/07/2024   028.5 I11e 10202/CCP 08/07/2024 08/07/2024 Livros   Ex. 1